1897 Türk-Yunan savaşı (Record no. 4929)

MARC details
000 -BAŞLIK
Sabit Uzunlukta Kontrol Alanı 00755na a2200253 4500
001 - KONTROL NUMARASI
Denetim Alanı 22278
003 - KONTROL NUMARASI IDENTIFIER
Denetim Alanı MIRAKIL
005 - SON İŞLEM TARİHİ VE ZAMANI
Denetim Alanı 20181213155022.0
008 - SABİT-BOY VERİ ELEMANLARI - GENEL BİLGİLER
Sabit Uzunlukta Kontrol Alanı 170213b tu 000 0
020 ## - ULUSLARARASI STANDART KİTAP NUMARASI
Uluslararası Standart Kitap Numarası 9751605458
040 ## - KATALOGLAMA KAYNAK
Orijinal Kataloglama Ajansı Milas
Kataloglama Dili tur
Metne Dönüştürmek Ajansı TR-AnCHP
041 ## - DİL KODU
Metin / Ses Parça Veya Ayrı Başlığın Dil Kodu tur
082 ## - DEWEY ONLU SINIFLANDIRMA NUMARASI
Sınıflandırma Numarası 956.101543
Ürün Numarası B55 1993
090 ## - SINIFLAMA NUMARASI
Sınıflama Numarası 956.101543 B55 1993
245 ## - BAŞLIK TABLOSU
Başlık 1897 Türk-Yunan savaşı
Başlığın Kalan (Tesalya tarihi)
Sorumluluk Tablosu, Vb Yayına hazırlayan Bayram Kodaman
260 ## - YAYIN, DAĞITIM, VB
Yayın, Dağıtım, Vb Yeri Ankara
Yayıncı, Dağıtıcı, Vs Adı Türk Tarih Kurumu
Yayın, Dağıtım, Vb Tarihi 1993
300 ## - FİZİKSEL TANIM
Kapsam 118, [40] s.
Diğer Fiziksel Ayrıntıları res.
Boyutlar 24 sm.
490 ## - SERİSİ TABLOSU
Seri Beyanı Türk Tarih Kurumu Yayınları
Hacim / Ardışık Tanımı XIV. Dizi-Sa. 15
504 ## - KAYNAKÇA VB NOT
Kaynakça Vb Notu Dizin var.
650 ## - KONU KATMA GİRİŞ - TOPİKAL DÖNEM
Topikal Süreli Veya Coğrafi Ad Giriş Elemanı Tarih
Coğrafi Alt Bölümü Yunanistan
650 ## - KONU KATMA GİRİŞ - TOPİKAL DÖNEM
Topikal Süreli Veya Coğrafi Ad Giriş Elemanı Türk-Yunan Savaşı (1897)
Coğrafi Alt Bölümü Teselya
700 ## - KATMA GİRİŞ - KİŞİSEL İSİM
Kişisel Ad Kodaman, Bayram
942 ## - EKLENDİ GİRİŞ ELEMANLARI (KOHA)
Sınıflandırma Veya Raf Düzeni Kaynak Dewey Decimal Classification
Koha Öğesi Türü Books
999 ## - SİSTEM KONTROL NUMARALARI (KOHA)
Koha Biblionumber 4929
Koha Biblioitemnumber 4929
Holdings
Kalıcı Konum Mevcut Konum Edinme Tarihi Edinim Kaynak Toplam Check-Out'Lar Tam Çağrı Numarası Barkod Tarih Son Görülme İtibaren Geçerli Fiyatlar Koha Öğesi Türü
CHP Kütüphanesi CHP Kütüphanesi 02/13/2017 Bağış   956.101543 B55 1993 012990 02/13/2017 02/13/2017 Books